[Event "19th Kolkata GM Open 2014"]
[Site "Kolkata IND"]
[Date "2014.03.19"]
[Round "2.9"]
[White "Swathi, Ghate"]
[Black "Sengupta, Deep"]
[Result "0-1"]
[WhiteTitle "WGM"]
[BlackTitle "GM"]
[WhiteElo "2255"]
[BlackElo "2529"]
[WhiteFideId "5003474"]
[BlackFideId "5008352"]
[EventDate "2014.03.18"]

1. e4 c5 2. Nf3 e6 3. d4 cxd4 4. Nxd4 Nc6 5. Nc3 Qc7 6. Be3 a6 7. Be2 Nf6 8. O-O
Bb4 9. Na4 Be7 10. Nxc6 bxc6 11. Nb6 Rb8 12. Nxc8 Qxc8 13. Bd4 c5 14. Be5 Rb6
15. b3 d6 16. Bb2 O-O 17. Bd3 d5 18. exd5 Nxd5 19. Qf3 Qc7 20. Rad1 Rd8 21. c4
Nb4 22. Bb1 Rxd1 23. Rxd1 Rd6 24. Re1 Nc6 25. Qg3 g6 26. Be4 Nd4 27. Bxd4 cxd4
28. Qd3 f5 29. Bf3 Qc5 30. Bd5 Kf7 31. Qe2 Qc8 32. Bf3 Bf6 33. a3 d3 34. Qa2 Rd4
35. Bd1 Kg7 36. c5 Qxc5 37. b4 Qd5 38. Qxd5 exd5 39. Kf1 Rc4 40. Bb3 Bb2 41. Rd1
Rd4 42. a4 d2 43. b5 axb5 44. axb5 Bc1 45. b6 Rb4 46. Bxd5 Rxb6 47. Ke2 Rb5 48.
Bc4 Re5+ 49. Kd3 Kf6 50. f4 Re4 51. g3 Re1 52. Kc2 h5 53. Bd5 Re3 54. Rxd2 Bxd2
55. Kxd2 Re7 56. Bc4 Re8 57. Be2 Ke6 58. Bc4+ Kf6 59. Be2 Rb8 60. Ke3 Rb2 61. h3
Ke7 62. Bc4 Rh2 63. Bf1 Kd6 64. Kf3 Ra2 65. Bc4 Ra3+ 66. Kg2 Kc5 67. Bf7 Ra6 68.
g4 h4 0-1

[Event "19th Kolkata GM Open 2014"]
[Site "Kolkata IND"]
[Date "2014.03.19"]
[Round "2.10"]
[White "Abdulla, Al-Rakib"]
[Black "Gomes, Mary Ann"]
[Result "1-0"]
[WhiteTitle "GM"]
[BlackTitle "WGM"]
[WhiteElo "2518"]
[BlackElo "2402"]
[WhiteFideId "10200444"]
[BlackFideId "5013623"]
[EventDate "2014.03.18"]

1. d4 e6 2. Nf3 Nf6 3. Bg5 h6 4. Bh4 b6 5. Nbd2 Bb7 6. e3 Be7 7. Bd3 c5 8. c3 d6
9. h3 Nbd7 10. a3 a6 11. Qe2 e5 12. dxe5 dxe5 13. Bxf6 Bxf6 14. a4 Qc7 15. O-O
O-O 16. Rfd1 Be7 17. Be4 Bc6 18. Bxc6 Qxc6 19. e4 b5 20. c4 b4 21. Nf1 Rad8 22.
Ng3 Qe6 23. Rd5 f6 24. Nf5 Nb6 25. N3h4 Nxd5 26. Qg4 1-0

[Event "19th Kolkata GM Open 2014"]
[Site "Kolkata IND"]
[Date "2014.03.19"]
[Round "2.11"]
[White "Ivana Maria, Furtado"]
[Black "Debashis, Das"]
[Result "0-1"]
[WhiteTitle "WIM"]
[BlackTitle "GM"]
[WhiteElo "2177"]
[BlackElo "2508"]
[WhiteFideId "5048400"]
[BlackFideId "5024854"]
[EventDate "2014.03.18"]

1. d4 d5 2. Nf3 Nf6 3. c4 c6 4. Nc3 dxc4 5. e3 b5 6. a4 b4 7. Na2 e6 8. Bxc4 a5
9. O-O Be7 10. Bd2 O-O 11. Nc1 Nbd7 12. Nb3 Bb7 13. Qe2 Qb6 14. Rfd1 Rfc8 15.
Be1 c5 16. dxc5 Nxc5 17. Nbd4 h6 18. Nd2 Nd5 19. f3 Bf6 20. Bf2 Rd8 21. N2b3
Rac8 22. Bb5 Bxd4 23. Nxd4 e5 24. Nf5 Qf6 25. Ng3 Qe6 26. Rac1 Nb3 27. Rxc8 Rxc8
28. Qd3 Nc5 29. Qf5 g6 30. Qxe6 Nxe6 31. Ne4 Rc2 32. Nd6 Ba8 33. Nc4 e4 34. f4
Nc5 35. Nxa5 Nd3 36. Bxd3 exd3 37. Kf1 Rxb2 38. Rxd3 Kg7 39. Nc4 Rb1+ 40. Be1
Bb7 41. Kf2 Nf6 42. Nd2 Rc1 43. h3 Ra1 44. Rb3 Rxa4 45. e4 Nd7 46. Ke3 Nc5 47.
Rb1 Ra3+ 48. Kd4 Ne6+ 49. Kc4 Nxf4 50. Kxb4 Re3 51. Kc5 Rxe1 52. Rxb7 Nxg2 53.
Nc4 Rxe4 54. Rxf7+ Kxf7 55. Nd6+ Ke6 56. Nxe4 Ke5 57. Nf2 Kf4 58. Kd6 0-1

[Event "19th Kolkata GM Open 2014"]
[Site "Kolkata IND"]
[Date "2014.03.19"]
[Round "2.12"]
[White "Deepan, Chakkravarthy J."]
[Black "Kulkarni, Chinmay"]
[Result "1-0"]
[WhiteTitle "GM"]
[WhiteElo "2496"]
[BlackElo "2247"]
[WhiteFideId "5011132"]
[BlackFideId "5023513"]
[EventDate "2014.03.18"]

1. d4 d5 2. c4 c6 3. Nf3 Nf6 4. Qb3 Qb6 5. c5 Qd8 6. Nc3 Nbd7 7. e4 Nxe4 8. Nxe4
dxe4 9. Ng5 e6 10. Nxe4 Nf6 11. Nxf6+ Qxf6 12. Be3 Be7 13. Bd3 Bd8 14. O-O-O Bc7
15. h4 Bf4 16. g4 Qxd4 17. Bxf4 Qxf4+ 18. Kb1 O-O 19. Qc2 e5 20. Bxh7+ Kh8 21.
f3 Be6 22. Be4 Rad8 23. Rd6 Rde8 24. Qd3 f5 25. gxf5 Bxf5 26. h5 Bxe4 27. fxe4
Rf6 28. a3 Ref8 29. Ka2 b6 30. Rg1 bxc5 31. Rxf6 Qxf6 32. Rg6 Qf7+ 33. Qb3 c4
34. Qc3 Rc8 35. Rg5 Rd8 36. Rf5 Qg8 37. h6 gxh6 38. Qxe5+ Qg7 39. Rf6 Kh7 40.
Qf5+ Kh8 41. Rf7 1-0

[Event "19th Kolkata GM Open 2014"]
[Site "Kolkata IND"]
[Date "2014.03.19"]
[Round "2.13"]
[White "Fedorchuk, Sergey A."]
[Black "Patil, Pratik"]
[Result "1-0"]
[WhiteTitle "GM"]
[WhiteElo "2647"]
[BlackElo "2236"]
[WhiteFideId "14102536"]
[BlackFideId "5038758"]
[EventDate "2014.03.18"]

1. e4 e5 2. Nf3 Nc6 3. Bb5 a6 4. Ba4 Nf6 5. d3 d6 6. c4 Be7 7. Nc3 O-O 8. h3 Nd4
9. Nxd4 exd4 10. Ne2 c5 11. O-O Ne8 12. Ng3 Nc7 13. Bd2 f5 14. Nxf5 Bxf5 15.
exf5 Rxf5 16. Qg4 Rf7 17. Rae1 d5 18. cxd5 Bd6 19. Re4 b5 20. Bb3 Qf6 21. f4
Raf8 22. f5 Qd8 23. Bg5 Qd7 24. Re6 a5 25. Rxd6 Qxd6 26. Bf4 Qd8 27. d6 Ne8 28.
Bxf7+ Rxf7 29. Rc1 Nxd6 30. Rxc5 Qf8 31. Qd1 Nxf5 32. Rxb5 Ne3 33. Qb3 1-0

[Event "19th Kolkata GM Open 2014"]
[Site "Kolkata IND"]
[Date "2014.03.19"]
[Round "2.14"]
[White "Prince, Bajaj"]
[Black "Short, Nigel D"]
[Result "0-1"]
[WhiteTitle "CM"]
[BlackTitle "GM"]
[WhiteElo "2316"]
[BlackElo "2674"]
[WhiteFideId "5045150"]
[BlackFideId "400025"]
[EventDate "2014.03.18"]

1. e4 e5 2. Nf3 Nc6 3. Bb5 a6 4. Ba4 Nf6 5. O-O Be7 6. Re1 b5 7. Bb3 d6 8. c3
O-O 9. h3 Na5 10. Bc2 c5 11. d4 Nd7 12. b3 Bf6 13. Be3 cxd4 14. cxd4 Nc6 15. Nc3
exd4 16. Nxd4 Nxd4 17. Bxd4 Bb7 18. Nd5 Bxd5 19. exd5 g6 20. b4 Rc8 21. Bb3 Be5
22. Bxe5 Nxe5 23. Qd4 Re8 24. Kf1 a5 25. a4 bxa4 26. Bxa4 Rf8 27. bxa5 Qxa5 28.
Bd1 Qc5 29. Ra4 Nc4 30. Qxc5 Rxc5 31. Kg1 Rb8 32. Be2 Re8 33. f3 Nb6 34. Ra6
Nxd5 35. Rxd6 Nc3 36. Kf1 Rce5 37. Rd2 g5 38. g3 Kf8 39. Kf2 R8e7 40. Rc2 Re3
41. h4 gxh4 42. gxh4 h6 43. Rb2 R7e5 44. f4 Re8 45. Rc2 R8e7 46. Rb2 R7e4 47.
Rc2 Nd5 48. Ra1 Rxf4+ 49. Ke1 0-1

[Event "19th Kolkata GM Open 2014"]
[Site "Kolkata IND"]
[Date "2014.03.19"]
[Round "2.15"]
[White "Mchedlishvili, Mikheil"]
[Black "Kathmale, Sameer"]
[Result "1/2-1/2"]
[WhiteTitle "GM"]
[WhiteElo "2639"]
[BlackElo "2398"]
[WhiteFideId "13600966"]
[BlackFideId "5024498"]
[EventDate "2014.03.18"]

1. d4 d5 2. c4 c6 3. Nf3 Nf6 4. e3 Bf5 5. Nc3 e6 6. Nh4 Be4 7. f3 Bg6 8. Qb3 Qc7
9. Bd2 Be7 10. Rc1 Qb6 11. Qa4 Nbd7 12. g3 O-O 13. cxd5 cxd5 14. Nxg6 hxg6 15.
g4 Qd8 16. g5 Ne8 17. f4 Nd6 18. h4 Nf5 19. Bd3 Nb6 20. Qd1 Nc4 21. Bxc4 dxc4
22. Qf3 Qd7 23. h5 Rfd8 24. a4 a6 25. a5 b5 26. axb6 Rab8 27. Ne2 Rxb6 28. Bc3
e5 29. hxg6 fxg6 30. fxe5 Bxg5 31. Ba5 Rxb2 32. Bxd8 Qxd8 33. Rc3 Bh4+ 34. Kd1
Qa5 35. Qa8+ Kh7 36. Rxh4+ Nxh4 37. Qe4 Nf5 38. Rc2 Qa4 39. Qh1+ Kg8 40. Qd5+
Kh7 41. Qh1+ Kg8 42. Qd5+ 1/2-1/2

[Event "19th Kolkata GM Open 2014"]
[Site "Kolkata IND"]
[Date "2014.03.20"]
[Round "3.1"]
[White "Abdulla, Al-Rakib"]
[Black "Pantsulaia, Levan"]
[Result "1-0"]
[WhiteTitle "GM"]
[BlackTitle "GM"]
[WhiteElo "2518"]
[BlackElo "2606"]
[WhiteFideId "10200444"]
[BlackFideId "13602071"]
[EventDate "2014.03.18"]

1. d4 Nf6 2. c4 c5 3. d5 e6 4. Nc3 exd5 5. cxd5 d6 6. Nf3 g6 7. h3 Bg7 8. Bf4
O-O 9. e3 Na6 10. Bc4 Nc7 11. a4 Re8 12. O-O Ne4 13. Nxe4 Rxe4 14. Qc2 Re8 15.
Rfe1 Qf6 16. Bg3 Bxh3 17. e4 Bd7 18. e5 dxe5 19. Nxe5 Bf5 20. Qb3 Qb6 21. Qa2
Bxe5 22. Bxe5 Na6 23. a5 Qd8 24. d6 Be6 25. Rad1 Nb4 26. Qb3 Qd7 27. Bc3 Rad8
28. Bf6 Bxc4 29. Qxc4 Rxe1+ 30. Rxe1 Qxd6 31. Bxd8 Qxd8 32. Qxc5 Nc6 33. a6 Qd7
34. axb7 Qxb7 35. Re8+ Kg7 36. Qf8+ Kf6 37. Re3 Qd7 38. Qh8+ Kf5 39. Rf3+ Ke4
40. Re3+ Kf5 41. Qc3 Qd1+ 42. Re1 Qd5 43. Qc2+ Kf6 44. Rd1 Qe6 45. Qc3+ Kg5 46.
Rc1 Ne7 47. Re1 Qd6 48. Qe3+ Kf6 49. Qxa7 Nf5 50. Qa3 Qd5 51. Qc3+ Kg5 52. b4 h5
53. Qc1+ Kf6 54. Qb2+ Kg5 55. b5 h4 56. b6 h3 57. Qc1+ Kf6 58. Qc3+ Kg5 59. Qxh3
Qb5 60. g4 Qb4 61. f4+ Kf6 62. Qh8+ Ng7 1-0

[Event "19th Kolkata GM Open 2014"]
[Site "Kolkata IND"]
[Date "2014.03.20"]
[Round "3.2"]
[White "Debashis, Das"]
[Black "Vidit, Santosh Gujrathi"]
[Result "0-1"]
[WhiteTitle "GM"]
[BlackTitle "GM"]
[WhiteElo "2508"]
[BlackElo "2602"]
[WhiteFideId "5024854"]
[BlackFideId "5029465"]
[EventDate "2014.03.18"]

1. d4 Nf6 2. c4 e6 3. Nc3 Bb4 4. e3 b6 5. Bd3 Bb7 6. Nf3 Ne4 7. O-O f5 8. Bxe4
fxe4 9. Nd2 Bxc3 10. bxc3 O-O 11. Ba3 Rf5 12. c5 Qh4 13. c4 Na6 14. cxb6 axb6
15. Qe2 Ra5 16. Nb1 d6 17. Rc1 Rh5 18. h3 Rf8 19. Rc2 Rg5 20. Kh2 e5 21. d5 Bc8
22. Qf1 Bxh3 0-1

[Event "19th Kolkata GM Open 2014"]
[Site "Kolkata IND"]
[Date "2014.03.20"]
[Round "3.3"]
[White "Lalith, Babu M.R."]
[Black "Deepan, Chakkravarthy J."]
[Result "0-1"]
[WhiteTitle "GM"]
[BlackTitle "GM"]
[WhiteElo "2585"]
[BlackElo "2496"]
[WhiteFideId "5024595"]
[BlackFideId "5011132"]
[EventDate "2014.03.18"]

1. Nf3 d5 2. d4 Nf6 3. c4 c6 4. Nc3 dxc4 5. a4 Bf5 6. Nh4 e6 7. Nxf5 exf5 8. e3
Bb4 9. Bxc4 O-O 10. O-O Nbd7 11. Qb3 a5 12. Na2 Bd6 13. Qxb7 Bxh2+ 14. Kxh2 Ng4+
15. Kg3 Rb8 16. Qa7 Ra8 17. Qb7 Rb8 18. Qa7 Nb6 19. e4 Ra8 20. Qb7 Nxc4 21. Qxc6
Qxd4 22. Qd5 Qxd5 23. exd5 Rab8 24. Rd1 Rb3+ 25. f3 Nge3 26. Bxe3 Nxe3 27. Rd2
g5 28. Rc1 f4+ 29. Kh2 Rd8 30. Nc3 Nc4 31. Rd4 Nd6 32. Rc2 Kg7 33. Ne4 Nxe4 34.
fxe4 Kf6 35. d6 Ke6 36. Rc5 h6 37. Rxa5 Rxd6 38. Rxd6+ Kxd6 39. Ra6+ Ke5 40.
Rxh6 Rxb2 41. Kh3 Rb3+ 42. Kh2 Ra3 43. Rh7 Ke6 44. Rh8 Rxa4 45. Re8+ Kd7 46. Rg8
f6 47. e5 fxe5 48. Rxg5 Ke6 49. Kg1 Ra2 50. Rg8 Kd5 51. Kf1 Kd4 52. Rb8 e4 53.
Rd8+ Ke3 54. Rd1 f3 55. Re1+ Kf4 56. gxf3 Kxf3 57. Kg1 e3 58. Rf1+ Kg3 59. Rb1
Rg2+ 60. Kh1 Rf2 61. Kg1 e2 62. Re1 Kf3 63. Ra1 Rg2+ 64. Kh1 Rg8 0-1

[Event "19th Kolkata GM Open 2014"]
[Site "Kolkata IND"]
[Date "2014.03.20"]
[Round "3.4"]
[White "Barbosa, Oliver"]
[Black "Ghosh, Diptayan"]
[Result "1/2-1/2"]
[WhiteTitle "GM"]
[BlackTitle "IM"]
[WhiteElo "2564"]
[BlackElo "2481"]
[WhiteFideId "5201640"]
[BlackFideId "5045207"]
[EventDate "2014.03.18"]

1. d4 d5 2. Nf3 Nf6 3. c4 c6 4. Qc2 dxc4 5. Qxc4 Bg4 6. Nbd2 Nbd7 7. g3 e6 8.
Bg2 Be7 9. O-O O-O 10. Qb3 Qb6 11. Nc4 Qa6 12. Re1 Rfd8 13. e3 Rab8 14. Nfe5
Nxe5 15. Nxe5 Be2 16. Qc2 Bh5 17. Bd2 Rdc8 18. b4 Qb6 19. Qa4 a6 20. Nd3 Qd8 21.
Rac1 Bg6 22. Nc5 Nd7 23. Red1 Bh5 24. f3 Bd6 25. e4 Qe7 26. Nd3 Rd8 27. Qa5 e5
28. Be3 f6 29. dxe5 fxe5 30. Qa3 a5 31. Bc5 Nxc5 32. bxc5 Bc7 33. Qc3 Bf7 34. a3
Rd4 35. Bf1 Qf6 36. Nf2 Rbd8 37. Be2 Rxd1+ 1/2-1/2

[Event "19th Kolkata GM Open 2014"]
[Site "Kolkata IND"]
[Date "2014.03.20"]
[Round "3.5"]
[White "Sengupta, Deep"]
[Black "Kunte, Abhijit"]
[Result "0-1"]
[WhiteTitle "GM"]
[BlackTitle "GM"]
[WhiteElo "2529"]
[BlackElo "2439"]
[WhiteFideId "5008352"]
[BlackFideId "5002265"]
[EventDate "2014.03.18"]

1. e4 c5 2. Nf3 e6 3. d4 cxd4 4. Nxd4 a6 5. c4 Nf6 6. Nc3 Qc7 7. Qc2 Nc6 8. Nxc6
dxc6 9. Be2 Bc5 10. Na4 Bb4+ 11. Kf1 b5 12. a3 Be7 13. cxb5 axb5 14. Bxb5 O-O
15. Be2 Qa7 16. Nc3 Bc5 17. f3 e5 18. Bc4 Ne8 19. g4 Nd6 20. Bd3 Be6 21. Kg2
Rfb8 22. Qe2 Bd4 23. Bg5 c5 24. Rhb1 c4 25. Bc2 Rxb2 26. Rxb2 Bxc3 27. Be3 Qa5
28. Rbb1 Bxa1 29. Rxa1 Nb5 30. Qe1 Qxe1 31. Rxe1 Rxa3 32. Rb1 Rxe3 33. Rxb5 h5
34. Kf2 Ra3 35. Bd1 Ra2+ 36. Ke3 hxg4 37. fxg4 c3 38. Bf3 c2 39. Rc5 Bb3 0-1

[Event "19th Kolkata GM Open 2014"]
[Site "Kolkata IND"]
[Date "2014.03.20"]
[Round "3.6"]
[White "Short, Nigel D"]
[Black "Rahman, Ziaur"]
[Result "0-1"]
[WhiteTitle "GM"]
[BlackTitle "GM"]
[WhiteElo "2674"]
[BlackElo "2486"]
[WhiteFideId "400025"]
[BlackFideId "10200037"]
[EventDate "2014.03.18"]

1. d4 d5 2. c4 e6 3. Nc3 Bb4 4. e3 c5 5. a3 Bxc3+ 6. bxc3 Qc7 7. Qg4 f5 8. Qg3
Qxg3 9. hxg3 Nf6 10. a4 Nc6 11. Ba3 Ne4 12. Ne2 dxc4 13. f3 Nf6 14. Bxc5 b6 15.
Ba3 Ba6 16. O-O-O Rd8 17. Re1 Kf7 18. Nf4 e5 19. Nh3 h6 20. Be2 Rhe8 21. f4 exd4
22. exd4 Na5 23. Bf3 Bb7 24. Re5 Bxf3 25. gxf3 Nc6 26. Rxf5 Re3 27. Kb2 Rxf3 28.
g4 Rd5 0-1

[Event "19th Kolkata GM Open 2014"]
[Site "Kolkata IND"]
[Date "2014.03.20"]
[Round "3.7"]
[White "Haznedaroglu, Kivanc"]
[Black "Fedorchuk, Sergey A."]
[Result "1-0"]
[WhiteTitle "GM"]
[BlackTitle "GM"]
[WhiteElo "2462"]
[BlackElo "2647"]
[WhiteFideId "6300634"]
[BlackFideId "14102536"]
[EventDate "2014.03.18"]

1. e4 c5 2. Nf3 Nc6 3. c3 d5 4. exd5 Qxd5 5. d4 e6 6. Be3 cxd4 7. cxd4 Nf6 8.
Nc3 Qa5 9. a3 Nd5 10. Bd2 Be7 11. Bd3 O-O 12. O-O Rd8 13. Qe2 Nf6 14. Rfd1 Qh5
15. Be3 b6 16. Ne5 Qxe2 17. Bxe2 Bb7 18. Bf3 Na5 19. Bxb7 Nxb7 20. Nc6 Rd7 21.
d5 Nxd5 22. Nxd5 exd5 23. Rxd5 Rc7 24. Nxa7 Rxa7 25. Bxb6 Nd6 26. Rad1 Rab7 27.
Bxc7 Rxc7 28. g3 Rc6 29. b4 Rb6 30. R1d4 g6 31. a4 Nf5 32. Rc4 Bxb4 33. Rb5 Rxb5
34. axb5 Ba5 35. Ra4 Bb6 36. Ra6 Bd4 37. b6 Nd6 38. Ra8+ Kg7 39. Rd8 Bc5 40. Kg2
Kf6 41. Rd7 Ke6 42. b7 Ba7 43. Rc7 h5 44. f3 f5 45. Rc8 Nxb7 46. Rc7 Bd4 47.
Rxb7 Kf6 48. Rd7 Be3 49. Rd6+ Kf7 50. h3 Bc5 51. Rc6 Bd4 52. Kf1 Be5 53. Kf2
Bd4+ 54. Ke2 Be5 55. f4 Bd4 56. h4 Kg7 57. Rc4 Bb2 58. Kd3 Kf7 59. Rc7+ Ke6 60.
Rb7 Ba1 61. Kc4 Bh8 62. Rb6+ Kf7 63. Kd5 Bc3 64. Rb7+ Kf8 65. Rb3 Ba1 66. Ke6
Bd4 67. Rd3 Bb2 68. g4 hxg4 69. h5 Kg7 70. hxg6 Kxg6 71. Rd5 Kh5 72. Kxf5 g3 73.
Rd7 Kh6 74. Rd3 1-0

[Event "19th Kolkata GM Open 2014"]
[Site "Kolkata IND"]
[Date "2014.03.20"]
[Round "3.8"]
[White "Landa, Konstantin"]
[Black "Ly, Moulthun"]
[Result "1/2-1/2"]
[WhiteTitle "GM"]
[BlackTitle "IM"]
[WhiteElo "2645"]
[BlackElo "2429"]
[WhiteFideId "4101685"]
[BlackFideId "3204405"]
[EventDate "2014.03.18"]

1. e4 c5 2. Nf3 e6 3. d4 cxd4 4. Nxd4 Nc6 5. Nc3 a6 6. Be2 Qc7 7. Nxc6 dxc6 8.
O-O b5 9. a4 b4 10. Nb1 Nf6 11. Nd2 a5 12. Bd3 Bc5 13. Qe2 e5 14. Nb3 Bg4 15.
Qe1 Bb6 16. Be3 Qa7 17. Bg5 Nd7 18. Bc4 Nc5 19. Nxc5 Bxc5 20. h3 Bh5 21. g4 Bg6
22. Rd1 f6 23. Bc1 Ke7 24. Kg2 Rad8 25. Qe2 Rd4 26. f3 Rhd8 27. c3 bxc3 28. bxc3
Rxd1 29. Rxd1 Rxd1 30. Qxd1 Qb6 31. Qd3 Qd8 32. Qe2 Qb8 33. Ba2 Qd6 34. Qc4 Kd8
35. Qa6 Kc7 36. Bb3 Bb6 37. Qc4 Kb7 38. Kf1 Qc5 39. Qxc5 Bxc5 40. Ke2 Kc7 41.
Bg8 h6 42. Kd3 Be8 43. Kc4 Kd6 44. Bd2 g5 45. Kb3 Bb6 46. c4 c5 47. Bd5 Bd7 48.
Be1 Kc7 49. h4 Be8 50. h5 Kd6 51. Bd2 Bd7 52. Bc3 Bc7 53. Bd2 1/2-1/2

[Event "19th Kolkata GM Open 2014"]
[Site "Kolkata IND"]
[Date "2014.03.20"]
[Round "3.9"]
[White "Shyam, Nikil P."]
[Black "Grigoryan, Avetik"]
[Result "1/2-1/2"]
[WhiteTitle "IM"]
[BlackTitle "GM"]
[WhiteElo "2431"]
[BlackElo "2583"]
[WhiteFideId "5024218"]
[BlackFideId "13302191"]
[EventDate "2014.03.18"]

1. d4 d5 2. c4 dxc4 3. e3 Nf6 4. Bxc4 e6 5. Nc3 a6 6. a4 c5 7. Nf3 Nc6 8. O-O
Be7 9. Qe2 O-O 10. Rd1 Qc7 11. h3 Rd8 12. dxc5 Rxd1+ 13. Nxd1 Bxc5 14. b3 Na5
15. Bb2 Be7 16. Be5 Bd6 17. Bxd6 Qxd6 18. Nb2 Bd7 19. Qe1 Nc6 20. Rd1 Qe7 21.
Bf1 Be8 22. Nc4 Rd8 23. Rxd8 Qxd8 24. Qd2 Qxd2 25. Nfxd2 Kf8 26. Nd6 Nd8 27. e4
Ke7 28. e5 Nd7 1/2-1/2

[Event "19th Kolkata GM Open 2014"]
[Site "Kolkata IND"]
[Date "2014.03.20"]
[Round "3.10"]
[White "Palit, Somak"]
[Black "Gopal, G.N."]
[Result "1/2-1/2"]
[WhiteTitle "IM"]
[BlackTitle "GM"]
[WhiteElo "2421"]
[BlackElo "2558"]
[WhiteFideId "5010454"]
[BlackFideId "5015693"]
[EventDate "2014.03.18"]

1. e4 c5 2. Nf3 d6 3. c3 Nf6 4. Be2 g6 5. O-O Bg7 6. Bb5+ Nc6 7. d4 Qb6 8. Ba4
cxd4 9. cxd4 O-O 10. d5 Na5 11. Nc3 Bg4 12. h3 Bxf3 13. Qxf3 Rac8 14. Qe2 Nc4
15. Bb5 Qc5 16. b3 Na3 17. Bd3 Qxc3 18. Bxa3 Nh5 19. g3 Qa5 20. Bb2 Bxb2 21.
Qxb2 Rc7 22. Rac1 Rfc8 23. Rxc7 Rxc7 24. Rd1 Qc5 25. Rd2 Qb6 26. Kg2 Nf6 27. Rc2
h5 28. Rxc7 Qxc7 29. Qc2 Qa5 30. Be2 Kg7 31. Qb2 Kh7 32. b4 Qc7 33. Bd3 Nd7 34.
Qc2 Qb6 1/2-1/2

[Event "19th Kolkata GM Open 2014"]
[Site "Kolkata IND"]
[Date "2014.03.20"]
[Round "3.11"]
[White "Krishna, C.R.G."]
[Black "Mchedlishvili, Mikheil"]
[Result "1/2-1/2"]
[BlackTitle "GM"]
[WhiteElo "2317"]
[BlackElo "2639"]
[WhiteFideId "5018625"]
[BlackFideId "13600966"]
[EventDate "2014.03.18"]

1. d4 Nf6 2. c4 g6 3. Nf3 Bg7 4. b4 O-O 5. e3 d6 6. Bb2 e5 7. dxe5 Nfd7 8. Be2
dxe5 9. c5 Nc6 10. b5 Na5 11. c6 Nc5 12. Qxd8 Rxd8 13. Bxe5 bxc6 14. Bxc7 Nd3+
15. Bxd3 Rxd3 16. Be5 cxb5 17. Bxg7 Kxg7 18. Ke2 Rd8 19. Nbd2 Be6 20. Rhc1 a6
21. Nd4 Bd5 22. g3 Nc4 23. Nxc4 Bxc4+ 24. Ke1 Rac8 25. a4 bxa4 26. Rxa4 1/2-1/2

[Event "19th Kolkata GM Open 2014"]
[Site "Kolkata IND"]
[Date "2014.03.20"]
[Round "3.12"]
[White "Adhiban, Baskaran"]
[Black "Ravi, Teja S."]
[Result "1-0"]
[WhiteTitle "GM"]
[WhiteElo "2608"]
[BlackElo "2367"]
[WhiteFideId "5018471"]
[BlackFideId "5017220"]
[EventDate "2014.03.18"]

1. e4 e6 2. d4 d5 3. Nd2 dxe4 4. Nxe4 Nd7 5. Nf3 Ngf6 6. Bd3 c5 7. O-O Nxe4 8.
Bxe4 Nf6 9. Bg5 cxd4 10. Nxd4 Be7 11. Bf3 O-O 12. a4 a6 13. Bf4 Nd5 14. Bg3 Bd6
15. Bxd6 Qxd6 16. c4 Nf6 17. Nf5 Qc5 18. Nd6 Rb8 19. a5 Bd7 20. Qd2 Qc7 21. Rfd1
Bc6 22. Ra3 Ne8 23. c5 Bxf3 24. Rxf3 Rd8 25. b4 Rd7 26. Rd3 Nxd6 27. Rxd6 Re7
28. Rd7 Rxd7 29. Qxd7 Qb8 30. g3 h6 31. b5 axb5 32. Qxb5 Rc8 33. Rb1 Qc7 34.
Qxb7 Qxb7 35. Rxb7 Rxc5 36. a6 Ra5 37. a7 Kh7 38. Rxf7 Kg6 39. Rc7 h5 40. Kf1
Ra2 41. Ke1 Kf6 42. Kd1 g5 43. Kc1 Kf5 44. Kb1 Ra6 45. h3 h4 46. g4+ Ke4 47. Rf7
e5 48. Kc2 Kd4 49. Kd2 Ra2+ 50. Ke1 Ra1+ 51. Ke2 e4 52. Re7 Ra3 53. Kf1 Ra2 54.
Kg1 Ra1+ 55. Kg2 Ra2 56. Kf1 Ra1+ 57. Ke2 Ra3 58. Kd2 Ra2+ 59. Kd1 Ra3 60. Kc2
Ra6 61. Kb3 Kd3 62. Kb4 Ke2 63. Kb5 1-0

[Event "19th Kolkata GM Open 2014"]
[Site "Kolkata IND"]
[Date "2014.03.20"]
[Round "3.13"]
[White "Sethuraman, S.P."]
[Black "Karthikeyan, P."]
[Result "1/2-1/2"]
[WhiteTitle "GM"]
[BlackTitle "IM"]
[WhiteElo "2578"]
[BlackElo "2355"]
[WhiteFideId "5021596"]
[BlackFideId "5018226"]
[EventDate "2014.03.18"]

1. d4 d5 2. c4 c6 3. Nc3 Nf6 4. Nf3 dxc4 5. a4 e6 6. e4 Bb4 7. Bg5 h6 8. Bxf6
Qxf6 9. Bxc4 c5 10. O-O cxd4 11. e5 Qd8 12. Ne4 Nc6 13. Qe2 Bd7 14. Rfd1 Qa5 15.
Bb5 a6 16. Bxc6 Bxc6 17. Nxd4 Bd5 18. Nd6+ Bxd6 19. exd6 O-O-O 20. Qe3 Rxd6 21.
Nb5 axb5 22. axb5 Bc6 23. bxc6 Rhd8 24. cxb7+ Kb8 25. Qg3 e5 26. Qf3 Rxd1+ 27.
Rxd1 Rxd1+ 28. Qxd1 Kxb7 29. h3 Kc7 30. Kh2 Qb4 31. b3 Qf4+ 32. Kg1 f5 33. Qc2+
Kd6 34. Qd3+ Kc5 35. g3 Qc1+ 36. Kg2 1/2-1/2

[Event "19th Kolkata GM Open 2014"]
[Site "Kolkata IND"]
[Date "2014.03.20"]
[Round "3.14"]
[White "Sagar, Shah"]
[Black "Shyam, Sundar M."]
[Result "0-1"]
[BlackTitle "GM"]
[WhiteElo "2304"]
[BlackElo "2507"]
[WhiteFideId "5022509"]
[BlackFideId "5019141"]
[EventDate "2014.03.18"]

1. d4 d5 2. c4 e6 3. Nc3 Bb4 4. Nf3 Nf6 5. Qb3 c5 6. dxc5 Qa5 7. Bd2 Nc6 8. e3
Qxc5 9. a3 Ba5 10. Bd3 d4 11. Qb5 Qxb5 12. Nxb5 Bxd2+ 13. Kxd2 dxe3+ 14. Kxe3
Ke7 15. Rhd1 Bd7 16. h3 Rhc8 17. b4 a5 18. Nbd4 Nxd4 19. Nxd4 e5 20. Nb3 Ba4 21.
Rab1 axb4 22. axb4 b5 23. Rdc1 Bxb3 24. Rxb3 bxc4 25. Rxc4 Nd5+ 26. Ke4 Rxc4+
27. Bxc4 Nb6 28. Be2 Ra2 29. Bf3 f6 30. Rc3 Nd7 31. Bg4 Rxf2 32. Rc7 f5+ 33. Ke3
Rf4 34. Bf3 Rxb4 35. g4 f4+ 36. Kd3 Rb3+ 37. Ke2 e4 0-1

[Event "19th Kolkata GM Open 2014"]
[Site "Kolkata IND"]
[Date "2014.03.20"]
[Round "3.15"]
[White "Danielsen, Henrik"]
[Black "Konguvel, Ponnuswamy"]
[Result "1/2-1/2"]
[WhiteTitle "GM"]
[BlackTitle "IM"]
[WhiteElo "2501"]
[BlackElo "2347"]
[WhiteFideId "1400185"]
[BlackFideId "5000548"]
[EventDate "2014.03.18"]

1. d4 Nf6 2. c4 g6 3. Nc3 Bg7 4. g3 O-O 5. Bg2 d6 6. Nf3 Nbd7 7. O-O e5 8. Qc2
Re8 9. Rd1 c6 10. e4 exd4 11. Nxd4 a5 12. b3 Nc5 13. f3 Qb6 14. Be3 Nfd7 15. Bf2
a4 16. Rab1 axb3 17. axb3 Qc7 18. b4 Ne6 19. Nxe6 Rxe6 20. f4 Re8 21. Na4 Ra6
22. h3 Nf6 23. Nc3 Be6 24. Qd3 Qc8 25. g4 Ra3 26. Rbc1 b5 27. cxb5 cxb5 28. Qd2
Qa6 29. Bd4 Bc4 30. e5 dxe5 31. Bxe5 h6 32. Qd4 g5 33. Qf2 Qa7 34. Bd4 Qa6 35.
fxg5 hxg5 36. Qf5 Nh7 37. Bxg7 Kxg7 38. Ne4 Qg6 39. Qxg6+ Kxg6 40. Nd6 Re2 41.
Bf1 Rg3+ 42. Kh1 Rb2 43. Nxc4 bxc4 44. Rxc4 Rgb3 45. b5 Nf8 46. Rcd4 Ne6 47.
R4d2 Rxd2 48. Rxd2 Nf4 49. Kh2 Kf6 50. Rc2 Rb1 51. Bc4 Ke5 52. Bxf7 1/2-1/2